Požiarny technický automobil

Bibliographic Details
Main Author: Drefko, Štefan (Author)
Format: Article
Language:Slovak
PhysicalDescription:Obr. 2.
Subjects:

MARC

LEADER 00000nab a2200000 a 4500
001 vtls000348225
003 SK-MaSNL
005 20260302222925.0
008 220422c1989 xo 0 slo
015 |a SNBRB19rr/mm-uuuuu 
035 |a CL0348347 
040 |a SNKBUCL  |b slo  |c SNKBUCL  |e AACR2 
041 0 |a slo 
044 |a xo  |c SK 
080 |a 614.846.6  |2 1981 
100 1 |a Drefko, Štefan  |4 aut  |9 951746 
245 1 0 |a Požiarny technický automobil  |c Štefan Drefko 
300 |b Obr. 2. 
650 0 7 |a vozidlá požiarne  |2 snkbucl  |9 942066 
655 7 |a články z novín a časopisov  |2 snkbucl  |9 267496 
773 0 |t Požiarnik  |g Roč. 66, č. 5 (1989), s. 12 
850 |a Slovenská národná knižnica v Martine  |a MTA001 
852 |a SNK  |b KIS3GCP 
958 |a RK 
958 |a ME 
992 |a RBX 
999 |c 1518607  |d 1520537